000 00788nam a2200217 u 4500
001 000362754
003 AM-YeHGA
005 20250617131627.0
008 040922s1971 ||| r 000 0 rus d
040 _aAM-YeHGA
041 0 _arus
100 1 _aВоробьев, Василий Александрович.
245 1 0 _aСтроительные материалы :
_bУчебник для вузов /
_cВ.А. Воробьев, А.Г. Комар.
260 _aМосква :
_bСтройиздат,
_c1971.
300 _a496 с. :
_bрис., табл.
500 _aПредмет. указ.: 488 - 490
504 _aБиблиогр.: с. 486 - 487
650 1 4 _aСтройматериалы
700 1 _aКомар, Алексей Георгиевич
090 _c140173
999 _c138796
_d138796